01334nab a22002537a 4500003000400000005001700004008004100021040000700062100002500069245013800094260007300232300001500305500007500320505018300395505013900578505008900717650001500806650002700821650002500848650002500873650002800898650001800926773013600944OSt20260131205758.0190603e xxum|||| |||| 00| 0 spa d cPJ aTabares, Julieta C. 10aContratación electrónica y proceso ejecutivo blímites probatorios tendientes a la tutela del consumidor /cJulieta C. Tabares. cCiudad Autónoma de Buenos Aires :aThomson Reuters La Ley, b2025. ap. 260-270 aCita: TR LALEY AR/DOC/2861/2025 Publicado en: RCCyC 2025 (Diciembre). aSumario: I. Panorama del caso.— II. Fallo de la Cámara Nacional de Apelaciones en lo Comercial.— III. Las cuestiones centrales del caso en análisis.— IV. Conclusión.  aFallo comentado: CNCom., sala A ~ 09/06/2025 ~ Banco de Galicia y Buenos Aires SAU c. Baldassarre, Maximiliano Alejandro s/ ejecutivo. t¿Te interesa el texto completo? Solicitalo al correo: koha@justierradelfuego.gov.ar 0aCONTRATOS  0aDEFENSA DEL CONSUMIDOR 0aTARJETA DE CRÉDITO 0aTÍTULOS EJECUTIVOS 0aDERECHOS DEL CONSUMIDOR 0aFIRMA DIGITAL0 02713dCiudad Autónoma de Buenos Aires : Thomson Reuters La Ley, 2015-tRevista Código Civil y Comercial. Nº 6 - Diciembre 2025